000 01324nam0a22003011 4500
001 rc\4325522
005 20130416132505.7
021 _aRU
_b[68-5924]
035 _a(NLR Aleph) 008514889
090 _a8192074
_c8192074
100 _a20130416d1967 |||y0rusy50 ca
101 0 _arus
102 _aRU
105 _ay z |||||
200 1 _aВоздействие современного империалистического государства на процесс общественного воспроизводства
_fПод ред. проф. Е.И. Капустина и доц. Л.С. Микши
210 _aМосква
_cИзд-во Моск. ун-та
_d1967
215 _a337 с.
_d20
300 _aАвт. глав.: А.В. Гончарова, А.И. Шеин, Л.С. Микша и др.
606 _aГосударственно-монополистический капитализм
_2psbo
606 _aКапиталистическое воспроизводство
_2psbo
701 1 _aМикши
_bЛ. С.
701 1 _aГончарова
_bА. В.
_gАлександра Васильевна
701 1 _aКапустин
_bЕ. И.
_gЕвгений Иванович
_4340
801 0 _aRU
_bNLR
_gpsbo
801 1 _aRU
_bELAR
_2rusmarc
852 _aNLR
_j68-3/1067
942 _cBOOK
980 _aNB